Estatísticas para Países que contêm uma letra - D

Clique aqui para jogar o quiz

Estatísticas Gerais

  • Esse quiz foi jogado 81 vezes
  • A pontuação média é 27 de 45

Estatísticas das Respostas

CategoriaPaís% Correto
1 x DDinamarca
98%
1 x DDjibouti
77%
2 x DEstados Unidos
77%
1 x DRepública Dominicana
77%
1 x DCanadá
74%
1 x DCoreia do Norte
74%
1 x DCoreia do Sul
74%
1 x DDominica
72%
1 x DIndonésia
72%
2 x DRepública Democrática do Congo
70%
1 x DRepública do Congo
70%
1 x DÁfrica do Sul
68%
1 x DEquador
66%
2 x DMacedónia do Norte
64%
2 x DEmirados Árabes Unidos
62%
1 x DÍndia
62%
1 x DIrlanda
62%
1 x DReino Unido
62%
1 x DSudão
62%
2 x DSudão do Sul
62%
1 x DArábia Saudita
60%
4 x DEstados Federados da Micronésia
60%
1 x DFinlândia
58%
2 x DTrinidad e Tobago
58%
1 x DAndorra
57%
1 x DIslândia
57%
1 x DNova Zelândia
57%
1 x DBangladesh
55%
1 x DBarbados
55%
1 x DTailândia
55%
1 x DChade
53%
1 x DHonduras
53%
1 x DAntígua e Barbuda
51%
1 x DMadagáscar
51%
1 x DBurundi
47%
1 x DCosta do Marfim
47%
1 x DSão Vicente e Granadinas
47%
1 x DMaldivas
45%
1 x DMoldávia
45%
1 x DUganda
45%
1 x DRuanda
43%
1 x DEl Salvador
42%
1 x DGranada
42%
1 x DJordânia
40%
1 x DCabo Verde
34%

Distribuição das Pontuações

Percentil de Números Respondidos

Porcentagem de Pessoas com Cada Pontuação

Sua Pontuação Histórica

Você não jogou esse quiz